| 000 | 00509ntaaa2200193 4500 | ||
|---|---|---|---|
| 003 | 01 | ||
| 005 | 20251027201617.0 | ||
| 008 | 0714s1973 ag 01 | ||
| 040 |
_aAR-BaBN _bspa _cAR-BaBN _eaacr _dRIC |
||
| 082 | _a248.2440 L54 | ||
| 100 |
_aLenzi, Othomar _914824 |
||
| 245 | _aTrillizos de navidad | ||
| 250 | _a1 ed. | ||
| 260 |
_aSea Cliff, N.Y. : _bChrist's Mission, _cn.f. |
||
| 300 | _a71 p | ||
| 500 | _aTestimonio de la conversión de un joven católico | ||
| 650 |
_acatolicismo _9316 |
||
| 942 | _cBK | ||
| 999 |
_c10717 _d10717 |
||